European Capitals with No Repeating Vowels Quiz Stats

 Plays Quiz Updated Dec 2, 2017

Score 0/22 Timer 05:00
1 Play Today
Capital % Correct
Paris
95.2%
Berlin
92.9%
Rome
92.7%
Lisbon
89.6%
Dublin
86%
Madrid
85.8%
Athens
83.7%
Budapest
80.2%
Bern
79.7%
Prague
75.7%
Riga
74.3%
Capital % Correct
Brussels
74.3%
Kyiv
73.8%
Vienna
72.6%
Bucharest
71.7%
Zagreb
68.5%
Sofia
67.5%
Minsk
62.2%
Tallinn
59.9%
Vaduz
56.2%
Reykjavik
51.9%
Skopje
48.6%

You're not logged in!

Compare scores with friends on all Sporcle quizzes.
Join for Free
OR
Log In

You Might Also Like...

Show Comments

Extras

Top Quizzes Today


Score Distribution

Your Account Isn't Verified!

In order to create a playlist on Sporcle, you need to verify the email address you used during registration. Go to your Sporcle Settings to finish the process.

Report this User

Report this user for behavior that violates our Community Guidelines.

Details: